| 000 | 01425cad a22002775a 4500 | ||
|---|---|---|---|
| 001 | E148265 | ||
| 008 | 090825s2007 xxk f s000 0 eng d | ||
| 020 | _a9780755969081 | ||
| 022 | 1 | _a0950-2254 | |
| 035 | _a(Sirsi) u148265 | ||
| 041 | 0 | _aeng | |
| 050 | 0 | 4 | _a614.772 $2 18 |
| 100 | 1 | _aBarnes, Andrew | |
| 245 | 0 | 0 |
_aImplementing the action programme for nitrate vulnerable zones in Scotland _bfarming practices and awareness _h[electronic resource] |
| 260 |
_aEdinburgh _bScottish Government Social Research _c2007 |
||
| 505 | 2 | _aExecutive summary -- Introduction -- Literature review -- Farmer attitudes and practices -- Farmer behaviour and typologies -- Conclusions and suggestions for action -- References -- Appendices | |
| 520 | _aPresents the results of research into farming practice in Scotland's four Nitrate Vulnerable Zones (NVZs). NVZs were introduced as a result of The Nitrates Directive (91/676/EEC), the aim of which is to reduce existing, and prevent future, nitrate pollution from agricultural sources into the water environment. | ||
| 521 | _aAdvanced | ||
| 651 | 4 |
_aScotland _y1999- |
|
| 690 | _aENVIRONMENTAL AND LAND CONSULTANCY-AGRIBUSINESS-AGRICULTURE | ||
| 700 | 1 | _aToma, Luiza | |
| 700 | 1 | _aHall, Clare | |
| 700 | 1 | _aWillock, Joyce | |
| 856 | 4 | 0 |
_uhttps://www.scotland.gov.uk/Publications/2008/01/07105336/0 _zView the report free of charge at www.scotland.gov.uk... |
| 942 | _n0 | ||
| 999 |
_c109979 _d109979 |
||